Horror movie villains by hint - Statistics

General Stats
  • This quiz has been taken 573 times
    512 since last reset
  • The average score is 5 of 15
Answer Stats
Hint Answer % Correct
Man (literally) from your nightmares Freddy Krueger
92%
Basically Annabele but male Chucky
66%
This man needs a tan on that face Michael Myers
61%
Dug up his mother after he killed her so he could be with her Norman Bates
60%
Creepy hockey palyer Jason Voorhees
48%
Likes trying on new face cosmetics Leatherface
43%
No, his name is not Johnny, it's Jack Jack Torrance
42%
Really shocked pale face Ghostface
41%
His names rhymes with what he is Hannibal Lecter
29%
Technically not a murderer (kinda) Jigsaw
27%
Very smart with his money Pennywise
15%
The man who clocks a girl in the chin with a counter CandyMan
11%
he WAS the caretaker Delbert Grady
4%
crazy guy who claims that music is his life ChopTop Sawyer
2%
Dude just wont die William Afton
0%
No matching quizzes found
Score Distribution
Percent of People with Each Score
Percentile by Number Answered
Your Score History
You have not taken this quiz since the last reset